Barrios de Madrid: Latina - Estadísticas

Estadísticas generales
  • Esta prueba ha sido intentada 7 veces
  • La puntuación promedio es 5 de 7
Estadísticas de respuestas
Código Barrio % Correcto
104 Aluche
100%
105 Campamento
80%
106 Cuatro Vientos
80%
107 Los Águilas
80%
103 Lucero
80%
102 Puerta del Ángel
80%
101 Los Cármenes
40%
No se encontraron pruebas coincidentes
Distribución de puntuación
Porcentaje de gente con cada puntuación
Porcentaje por número respondido
Historial de tus puntuaciones
No has intentado esta prueba.